000 01811nam0a2200325 4500
001 RU\NLR\BIBL_A\011412673
005 20260406124827.0
010 _a9785171032418
_97000
021 _aRU
_b2017-37544
_92745
035 _a(RuMoRGB)008892897
035 _a(NLR Aleph) 011412673
090 _a11566026
_c11566026
100 _a20170622d2017 u y0rusy50 ca
101 1 _arus
_cspa
102 _aRU
105 _ay zzzz||000ay
200 1 _aНевероятная и грустная история о простодушной Эрендире и ее жестокосердной бабушке
_e[сборник
_eперевод с испанского]
_fГабриэль Гарсиа Маркес
210 _aМосква
_cАСТ
_d2017
215 _a157, [2] с.
_d18
225 1 _aКниги, изменившие мир. Писатели, объединившие поколения
225 1 _aЭксклюзивная классика
327 1 _aСодерж.: Старый-престарый сеньор с преогромными крыльями; Море исчезающих времен; Самый красивый утопленник в мире; Постоянство смерти и любовь; Последнее плавание корабля-призрака; Блакаман Добрый, продавец чудес; Невероятная и грустная история о простодушной Эрендире и ее жестокосердой бабушке
333 _a16+
686 _aШ5(7Кл)62-644
_2rubbk
686 1 _aШ6(7Кл)07-440.4{Лх1820}
700 1 _8rus
_7ca
_aГарсиа Маркес
_bГ.
_f1928-2014
_gГабриэль
_3RU\NLR\AUTH\771267
_9111295
942 _cBOOK
980 _aNBR